000
00290nam a2200121Ia 4500
008
190216s9999||||xx |||||||||||||| ||und||
100
_a
Chandu Menon O
245
0
_a
Indulekhaye Kurich
260
_b
Poorna Pubs Kozhikode
_c
1995
300
_a
323p
650
_a
Essay Malayalam
942
_c
BK
999
_c
27252
_d
27252